U.S. Territory Flags - Statistics

General Stats
  • This quiz has been taken 51 times
  • The average score is 4 of 5
Answer Stats
Picture Answer % Correct
Puerto Rico
100%
Guam
92%
U.S. Virgin Islands
87%
American Samoa
82%
Northern Mariana Islands
64%
No matching quizzes found
Score Distribution
Percent of People with Each Score
Percentile by Number Answered
Your Score History
You have not taken this quiz